Normal view
MARC view
Entry Geographic Name
001 - CONTROL NUMBER
- control field: 44465
003 - CONTROL NUMBER IDENTIFIER
- control field: ARRUPE
005 - DATE AND TIME OF LATEST TRANSACTION
- control field: 20190207112208.0
008 - FIXED-LENGTH DATA ELEMENTS
- fixed length control field: 190207|| aca||aabn | a|a d
040 ## - CATALOGING SOURCE
- Original cataloging agency: ARRUPE
- Transcribing agency: ARRUPE
151 ## - HEADING--GEOGRAPHIC NAME
- Geographic name: South Africa
- General subdivision: Politics
- Chronological subdivision: 1948-1961
670 ## - SOURCE DATA FOUND
- Source citation: Work cat.: (ARRUPE): Sobukwe, Robert Mangaliso 44464, Speeches of Mangaliso Sobukwe, 1978